000 00993nam a22002055i 4500
001 160848
003 ES-MaACL
005 20230906212135.0
008 051013m18751888it a | |||||||| ||ita d
040 _aCAM
_bspa
_cCAM
245 0 0 _aNuova enciclopedia italiana ovvero Dizionario generale di scienze, lettere, industrie, ecc.
250 _a6ª ed. corr. di numerose incisioni intercalate nel testo e di tavole in rame, amp. nelle parti scientifiche e tecnologiche e accur. riveduta in ogni sua parte secondo i piú moderni perfezionamenti / pel Gerolamo Boccardo.
260 _aTorino :
_bUnione tipografico-editrice torinese,
_c1875-1888.
300 _a25 v. ;
_c30 cm.
597 _aEl t. XXV en 2 v. corresponden a las "Tavole", la parte I (CCII h. de lám.) y la parte II (XVII p., h. de lám. CCIII-CDXLVII)
650 _aEnciclopedias.
_912235
700 1 _aBoccardo, Gerolamo,
_eed. lit.
_929664
752 _aItalia -
_dTurín
852 _aES-MaACL
_jC-1980-2005
_z-- Enc. hol.
999 _c160848
_d160848